000 00680nam a2200193 i 4500
001 73520
003 ES-MaACL
005 20230906171836.0
007 t|
008 040908s1930 sp |||| | spa d
100 1 _aGómez Izquierdo, Antonio.
_957993
245 1 0 _aMemoria /
_cleída por el secretario de la Sección Antonio Gómez Izquierdo.
260 _aMadrid :
_bIsaac García,
_c1930.
300 _a32 p. ;
_c15 cm.
500 _aPrecede al tít.: Ateneo de Madrid. Sección Iberoamericana.
610 2 4 _aAteneo de Madrid.
_bSección Iberoamericana-
_vMemorias.
_92013
710 2 _aAteneo de Madrid.
_bSección Iberoamericana.
_92012
852 _aES-MaACL
_j1736-F-11-bis
999 _c73520
_d73520